000
00355 a2200169 4500
001
191226
020
_a
85-329-0554-4
040
_c
Magnum
100
_a
Mott, Odette de Barros
240
1
0
_a
Amanhã, na praia
_l
por
245
1
0
_a
Amanhã, na praia
300
_a
88
362
0
_a
1997
440
1
_a
Lê
697
_a
LITERATURA JUVENIL
942
_c
BK
999
_c
191226
_d
191226